Tin học phổ thông : Tự học filemaker Pro 6

Cuốn sách được chia làm 7 phần với 24 chương và 2 phụ lục với nội dung chính như sau: Tạo và kiểm tra các tính toán phức tạp. Gỡ rối các Script. Tạo một báo cáo dựa trên một dãy ngày. Đặt một trường vào một nút.......

全面介紹

Đã lưu trong:
書目詳細資料
主要作者: Nguyễn, Ngọc Tuấn
格式: 圖書
語言:Undetermined
出版: Hà Nội Thống kê 2004
主題:
標簽: 添加標簽
沒有標簽, 成為第一個標記此記錄!
Thư viện lưu trữ: Trung tâm Học liệu Trường Đại học Cần Thơ
LEADER 00948nam a2200205Ia 4500
001 CTU_89078
008 210402s9999 xx 000 0 und d
082 |a 005.3 
082 |b T502 
100 |a Nguyễn, Ngọc Tuấn 
245 0 |a Tin học phổ thông : 
245 0 |b Tự học filemaker Pro 6 
245 0 |c Nguyễn Ngọc Tuấn, Hồng Phúc 
260 |a Hà Nội 
260 |b Thống kê 
260 |c 2004 
520 |a Cuốn sách được chia làm 7 phần với 24 chương và 2 phụ lục với nội dung chính như sau: Tạo và kiểm tra các tính toán phức tạp. Gỡ rối các Script. Tạo một báo cáo dựa trên một dãy ngày. Đặt một trường vào một nút.... 
650 |a Office ( computer programs),Pro 6 (computer programs) 
904 |i M.Loan 
980 |a Trung tâm Học liệu Trường Đại học Cần Thơ